000 00880cam a2200289 b 4500
001 1878
003 DO-SdBPM
005 20250109123906.0
007 1878
008 030910s2003 sp | ||| ||spa
017 _a
_b
020 _a8430604952
035 _a
040 _aDO-SdBPM
_bspa
_cBPMSU
_e
082 4 _a355
_bF363m 2003
_222
100 1 _aFernández López, Javier
_d1954-
245 1 0 _aMilitares contra el Estado :
_bEspaña, siglos XIX y XX /
_cJavier Fernández López
_h
260 _aBuenos Aires, Argentina :
_bTaurus,
_c2003
300 _a303 p. ;
_c24 cm
504 _aBibliografía
590 _aInventariado, 2025/VM
650 _aGolpes de Estado
_zEspaña
_xHistoria
_ySiglos XIX-XX
650 _aMilitares
_zEspaña
_xHistoria
_ySiglo XIX-XX
910 _aVMateo V. Control de calidad. BPMSU
942 _2ddc
_cBK
945 _a
999 _c11295
_d11295